Normal view MARC view
  • MANUFACTURING TECHNOLOGY. CONSTRUCTION TECHNOLOGY

Entry Topical Term

Number of records used in: 1

001 - CONTROL NUMBER

  • control field: 65521

003 - CONTROL NUMBER IDENTIFIER

  • control field: NUST

005 - DATE AND TIME OF LATEST TRANSACTION

  • control field: 20210628203440.0

008 - FIXED-LENGTH DATA ELEMENTS

  • fixed length control field: 210628|| aca||aabn | a|a d

040 ## - CATALOGING SOURCE

  • Original cataloging agency: NUST
  • Transcribing agency: NUST

150 ## - HEADING--TOPICAL TERM

  • Topical term or geographic name entry element: MANUFACTURING TECHNOLOGY. CONSTRUCTION TECHNOLOGY

670 ## - SOURCE DATA FOUND

  • Source citation: Work cat.: (NUST): Harms, Henry. R, Kroon, Dennis .K, Weigel, Marlene 65520, Experience technology, manufacturing construction, 1997
© 2023 Central Library, National University of Sciences and Technology. All Rights Reserved.